[Event "FIDE World Cup 2021"]
[Site "Krasnaya Polyana RUS"]
[Date "2021.07.13"]
[Round "1.2"]
[White "Nihal, Sarin"]
[Black "Ssegwanyi, Arthur"]
[Result "1/2-1/2"]
[WhiteElo "2620"]
[BlackElo "2409"]
[PlyCount "46"]
[EventDate "2021.07.12"]

1. d4 d5 2. Nf3 Nf6 3. Bf4 e6 4. e3 Bd6 5. Bg3 O-O 6. Nbd2 b6 7. Bd3 Bb7 8. O-O
c5 9. c3 Qc7 10. Bxd6 Qxd6 11. Ne5 Ba6 12. Bxa6 Nxa6 13. f4 Nb8 14. Rf3 Nc6 15.
Rh3 Ne7 16. Qf3 Nd7 17. Qh5 Nf6 18. Qf3 Nd7 19. Rf1 h6 20. Qg4 Nf6 21. Qf3 Nd7
22. Qg4 Nf6 23. Qf3 Nd7 1/2-1/2

[Event "FIDE World Cup 2021"]
[Site "Krasnaya Polyana RUS"]
[Date "2021.07.13"]
[Round "1.2"]
[White "Ioannidis, Evgenios"]
[Black "Zherebukh, Yaroslav"]
[Result "1/2-1/2"]
[WhiteElo "2422"]
[BlackElo "2620"]
[PlyCount "89"]
[EventDate "2021.07.12"]

1. Nf3 d5 2. d4 Nf6 3. c4 c6 4. Qc2 g6 5. cxd5 cxd5 6. Nc3 Bg7 7. Bf4 O-O 8. e3
Nc6 9. Be2 Ne4 10. O-O Bf5 11. Qb3 Na5 12. Qa3 Nxc3 13. bxc3 Bg4 14. Rfc1 b6
15. h3 Bxf3 16. Bxf3 Qd7 17. Be2 e6 18. Rab1 Qc8 19. Qa4 Qe8 20. Bb5 Qd8 21.
Bd3 Re8 22. Bb5 Rf8 23. Qb4 Qh4 24. Ba6 Rfe8 25. Bd6 Qe4 26. c4 dxc4 27. Bxc4
Nxc4 28. Rxc4 Qd5 29. Rbc1 e5 30. dxe5 Bxe5 31. Bxe5 Qxe5 32. Rc7 Qe6 33. Qa3
b5 34. R1c6 Qe5 35. Qb3 Rf8 36. Rc5 Qd6 37. R5c6 Qe5 38. f4 Qe4 39. Rf6 Qe8 40.
f5 g5 41. h4 gxh4 42. Rh6 Qe4 43. Rf6 Qe8 44. Rh6 Qe4 45. Rf6 1/2-1/2

[Event "FIDE World Cup 2021"]
[Site "Krasnaya Polyana RUS"]
[Date "2021.07.13"]
[Round "1.2"]
[White "Sargsyan, Shant"]
[Black "Martinez Reyes, Pedro Ramon"]
[Result "1-0"]
[WhiteElo "2626"]
[BlackElo "2417"]
[PlyCount "45"]
[EventDate "2021.07.12"]

1. e4 c5 2. Nf3 Nc6 3. Bb5 g6 4. O-O Bg7 5. c3 Nf6 6. Re1 O-O 7. d4 d5 8. e5
Ne4 9. Be3 Qb6 10. Bxc6 bxc6 11. Qc1 f6 12. exf6 Bxf6 13. Nbd2 Bf5 14. Nxe4
Bxe4 15. Ne5 Bxe5 16. dxe5 Qb5 17. e6 Rf5 18. f3 Bd3 19. a4 Qc4 20. b3 Qxb3 21.
Bxc5 Re8 22. Bxa7 Ra8 23. Bd4 1-0

[Event "FIDE World Cup 2021"]
[Site "Krasnaya Polyana RUS"]
[Date "2021.07.13"]
[Round "1.2"]
[White "Gan-Erdene, Sugar"]
[Black "Vocaturo, Daniele"]
[Result "1/2-1/2"]
[WhiteElo "2419"]
[BlackElo "2617"]
[PlyCount "60"]
[EventDate "2021.07.12"]

1. d4 Nf6 2. c4 e6 3. g3 d5 4. Nf3 Be7 5. Bg2 O-O 6. O-O dxc4 7. Qa4 a6 8. Qxc4
b5 9. Qc2 Bb7 10. Bd2 Ra7 11. Rc1 Nc6 12. e3 Qa8 13. Ne1 Nb8 14. Bxb7 Qxb7 15.
Ba5 Rc8 16. Nd3 Ne4 17. Nd2 Nxd2 18. Qxd2 Nc6 19. Qc3 Nxa5 20. Qxa5 h5 21. Qc3
Qe4 22. Qc6 Qxd3 23. Qd7 Raa8 24. Qxe7 Qe2 25. b3 c6 26. Rc5 g6 27. Rac1 Re8
28. Qf6 Qxa2 29. Re5 Qxb3 30. g4 hxg4 1/2-1/2

[Event "FIDE World Cup 2021"]
[Site "Krasnaya Polyana RUS"]
[Date "2021.07.13"]
[Round "1.2"]
[White "Svane, Rasmus"]
[Black "El Gindy, Essam"]
[Result "1-0"]
[WhiteElo "2615"]
[BlackElo "2420"]
[PlyCount "87"]
[EventDate "2021.07.12"]

1. d4 Nf6 2. c4 c5 3. d5 b5 4. cxb5 a6 5. bxa6 g6 6. Nc3 Bxa6 7. e4 Bxf1 8.
Kxf1 d6 9. Nf3 Bg7 10. g3 O-O 11. Kg2 Nbd7 12. a4 Ng4 13. Qe2 Qc8 14. Nd2 Nb6
15. a5 Nf6 16. Ra3 Nbd7 17. Re1 Qa6 18. Nc4 Rfd8 19. Bf4 Nh5 20. Bg5 Re8 21.
Na4 Nhf6 22. Nab6 Rab8 23. Qc2 h6 24. Bxf6 Nxf6 25. Qa4 Ng4 26. h3 Nf6 27. Rb3
Red8 28. Ree3 Ne8 29. e5 dxe5 30. Nxe5 Bxe5 31. Rxe5 Nd6 32. Rxe7 Nf5 33. Re5
Nd4 34. Rbe3 Kg7 35. b3 Nc2 36. R3e4 Nb4 37. Re7 Nxd5 38. Qa1+ Nf6 39. R4e6 Rd4
40. Qe1 Rxb6 41. axb6 Qa8+ 42. b7 Qb8 43. Rxf7+ Kxf7 44. Re7+ 1-0

[Event "FIDE World Cup 2021"]
[Site "Krasnaya Polyana RUS"]
[Date "2021.07.13"]
[Round "1.2"]
[White "Akobian, Varuzhan"]
[Black "Valderrama Quiceno, Esteban Alb"]
[Result "1/2-1/2"]
[WhiteElo "2614"]
[BlackElo "2430"]
[PlyCount "60"]
[EventDate "2021.07.12"]

1. d4 Nf6 2. c4 e6 3. Nc3 Bb4 4. Qc2 O-O 5. e4 d6 6. e5 Nfd7 7. Nf3 c5 8. exd6
cxd4 9. Nxd4 Bxd6 10. Be3 a6 11. O-O-O Qc7 12. Bd3 Nf6 13. Ne4 Nxe4 14. Bxe4 f5
15. Bd3 Bc5 16. Kb1 Rd8 17. Nf3 Bxe3 18. fxe3 Qc5 19. e4 Nc6 20. a3 a5 21. Rhe1
Bd7 22. exf5 exf5 23. Bf1 Be8 24. Rd5 Qf8 25. Bd3 g6 26. Ng5 Bf7 27. Nxf7 Qxf7
28. Qc3 Qg7 29. Qb3 Kh8 30. Qb6 Re8 1/2-1/2

[Event "FIDE World Cup 2021"]
[Site "Krasnaya Polyana RUS"]
[Date "2021.07.13"]
[Round "1.2"]
[White "Rahman, Ziaur"]
[Black "Idani, Pouya"]
[Result "0-1"]
[WhiteElo "2429"]
[BlackElo "2614"]
[PlyCount "82"]
[EventDate "2021.07.12"]

1. d4 Nf6 2. Nf3 d5 3. e3 c6 4. c4 Bf5 5. Nc3 e6 6. Nh4 Be4 7. f3 Bg6 8. Qb3
Qc7 9. Bd2 Be7 10. O-O-O a6 11. Nxg6 hxg6 12. cxd5 cxd5 13. Kb1 Nc6 14. Rc1 Rb8
15. Ne2 Bd6 16. g4 Nd7 17. e4 Na5 18. Qd1 Nc4 19. e5 Be7 20. f4 Qb6 21. Rxc4
dxc4 22. Bg2 Rd8 23. Qc2 Nb8 24. f5 gxf5 25. gxf5 exf5 26. Qxf5 Qe6 27. Qe4 Rh4
28. Qxb7 Qg6+ 29. Kc1 Bg5 30. Rd1 Rxh2 31. Nc3 Kf8 32. Bd5 Rxd2 33. Rxd2 Nd7
34. Qc7 Qb6 35. Qxc4 Qh6 36. Qf1 Bxd2+ 37. Kc2 Qf4 38. Qxa6 Bxc3 39. Qd6+ Kg8
40. bxc3 Qf5+ 41. Kd2 Qg5+ 0-1

[Event "FIDE World Cup 2021"]
[Site "Krasnaya Polyana RUS"]
[Date "2021.07.13"]
[Round "1.2"]
[White "Tabatabaei, M. Amin"]
[Black "Al Qudaimi, Basheer"]
[Result "0-1"]
[WhiteElo "2613"]
[BlackElo "2435"]
[PlyCount "74"]
[EventDate "2021.07.12"]

1. d4 Nf6 2. Nf3 g6 3. c4 c5 4. d5 b5 5. cxb5 a6 6. bxa6 Bxa6 7. Nc3 Bg7 8. e4
Qa5 9. e5 Ne4 10. Bxa6 Nxc3 11. bxc3 Qxa6 12. Qe2 d6 13. c4 Nd7 14. exd6 O-O
15. dxe7 Rfb8 16. Bf4 Qf6 17. Rd1 Qxf4 18. O-O Qd6 19. Rd3 Re8 20. Re1 Nb6 21.
Ng5 Ra7 22. Re3 Bd4 23. Ne4 Qe5 24. d6 f5 25. Rb3 Nc8 26. Nc3 Qxe2 27. Nxe2
Nxd6 28. Nxd4 cxd4 29. c5 Raxe7 30. Rxe7 Rxe7 31. f3 Nb7 32. Rd3 Nxc5 33. Rxd4
Re2 34. Rd5 Rc2 35. h4 Ne6 36. Ra5 Nf4 37. Ra4 Nxg2 0-1

[Event "FIDE World Cup 2021"]
[Site "Krasnaya Polyana RUS"]
[Date "2021.07.13"]
[Round "1.2"]
[White "Juksta, Karolis"]
[Black "Braun, Arik"]
[Result "0-1"]
[WhiteElo "2438"]
[BlackElo "2609"]
[PlyCount "98"]
[EventDate "2021.07.12"]

1. d4 Nf6 2. c4 e6 3. Nc3 Bb4 4. e3 O-O 5. Nge2 Re8 6. a3 Bf8 7. Ng3 d5 8. Be2
b6 9. cxd5 exd5 10. O-O Bb7 11. b4 Nbd7 12. Qb3 c6 13. Bf3 a5 14. b5 c5 15.
Nxd5 a4 16. Qa2 Bxd5 17. Bxd5 Nxd5 18. Qxd5 cxd4 19. Qxd4 Nc5 20. Qg4 Qf6 21.
Ra2 Nb3 22. Bb2 Qg6 23. Qxg6 hxg6 24. Ne2 Ra5 25. Nd4 Nxd4 26. Bxd4 Rxb5 27.
Rc1 Rc8 28. Rca1 Rb3 29. Kf1 b5 30. h4 Rc4 31. Ke2 f6 32. g3 Kf7 33. Kd1 Ke6
34. Ke2 Bd6 35. Kd2 Kf5 36. Ke2 Kg4 37. Bb6 Be5 38. Rd1 Rb2+ 39. Rxb2 Bxb2 40.
e4 Bxa3 41. f3+ Kxg3 42. Bf2+ Kg2 43. Rg1+ Kh2 44. Rxg6 Bf8 45. h5 a3 46. Rg4
Rc2+ 47. Kf1 Rxf2+ 48. Kxf2 Bc5+ 49. Kf1 Kh3 0-1

[Event "FIDE World Cup 2021"]
[Site "Krasnaya Polyana RUS"]
[Date "2021.07.13"]
[Round "1.2"]
[White "Zvjaginsev, Vadim"]
[Black "Haria, Ravi"]
[Result "1-0"]
[WhiteElo "2608"]
[BlackElo "2440"]
[PlyCount "115"]
[EventDate "2021.07.12"]

1. e4 e6 2. Qe2 Be7 3. Nf3 d5 4. d3 Nf6 5. e5 Nfd7 6. h4 c5 7. g3 Nc6 8. Bg2 b5
9. O-O Bb7 10. Re1 h6 11. h5 b4 12. Bf4 a5 13. c4 Nb6 14. Nbd2 Qd7 15. cxd5
Nxd5 16. Ne4 Nxf4 17. gxf4 Ba6 18. Rad1 Rd8 19. Nfd2 O-O 20. Qg4 Kh8 21. Nb3
Qa7 22. Ng3 Nd4 23. Nxa5 Bb5 24. Nc4 Bxc4 25. dxc4 Qxa2 26. f5 Qxb2 27. Be4
Rde8 28. Kh1 Qxf2 29. Rf1 Qe3 30. Rxd4 cxd4 31. fxe6 Qg5 32. Qxg5 Bxg5 33. Rxf7
Bf4 34. Nf5 Bxe5 35. Ne7 Bd6 36. Ng6+ Kg8 37. Rd7 Bc5 38. e7 Bxe7 39. Nxe7+ Kf7
40. Ng6+ Kf6 41. Rd6+ Kg5 42. Rd5+ Kg4 43. Rxd4 Rf3 44. Kg2 Re3 45. Bc6+ Kxh5
46. Nf4+ Kg5 47. Bxe8 Rxe8 48. c5 b3 49. Rb4 Re3 50. c6 Rc3 51. c7 Kf5 52. Nd5
Rc2+ 53. Kf3 Ke5 54. Rb5 Kd4 55. Nf4 Rc3+ 56. Kg4 Ke4 57. Ne6 Rc4 58. Rc5 1-0

[Event "FIDE World Cup 2021"]
[Site "Krasnaya Polyana RUS"]
[Date "2021.07.13"]
[Round "1.2"]
[White "Makarian, Rudik"]
[Black "Piorun, Kacper"]
[Result "1/2-1/2"]
[WhiteElo "2465"]
[BlackElo "2608"]
[PlyCount "66"]
[EventDate "2021.07.12"]

1. d4 d5 2. c4 dxc4 3. e4 e5 4. Nf3 Bb4+ 5. Bd2 Bxd2+ 6. Qxd2 exd4 7. Nxd4 Ne7
8. Nc3 a6 9. O-O-O c5 10. Nf5 Qxd2+ 11. Rxd2 Nxf5 12. exf5 O-O 13. g4 b5 14.
Bg2 Ra7 15. Re1 Rd7 16. Bd5 Bb7 17. Bxb7 Rxb7 18. Rd6 Rc8 19. Red1 Kf8 20. Ne4
Re7 21. f3 Nc6 22. g5 Nd4 23. f6 gxf6 24. gxf6 Re6 25. Rd7 Rcc6 26. Rd5 Nxf3
27. Nxc5 Re8 28. Rh5 Kg8 29. Rf5 h6 30. Nd7 Re1 31. Rfd5 Rxd1+ 32. Rxd1 Re6 33.
Kc2 b4 1/2-1/2

[Event "FIDE World Cup 2021"]
[Site "Krasnaya Polyana RUS"]
[Date "2021.07.13"]
[Round "1.2"]
[White "Praggnanandhaa, R."]
[Black "Bersamina, Paulo"]
[Result "1/2-1/2"]
[WhiteElo "2608"]
[BlackElo "2462"]
[PlyCount "71"]
[EventDate "2021.07.12"]

1. d4 Nf6 2. c4 g6 3. Nc3 Bg7 4. e4 d6 5. Be2 O-O 6. Be3 Na6 7. Nf3 e5 8. O-O
Qe7 9. Qc2 Nb4 10. Qd2 c5 11. d5 Ng4 12. Bg5 f6 13. Bh4 g5 14. h3 Nh6 15. Nxg5
fxg5 16. Bxg5 Rf6 17. f4 Nf7 18. Bxf6 Qxf6 19. a3 Na6 20. Bh5 Nh8 21. fxe5 Qxe5
22. Qe2 Bd7 23. Bg4 Bxg4 24. Qxg4 Ng6 25. Nb5 Rd8 26. Rad1 Kh8 27. Rf7 Rg8 28.
Rdf1 Nb8 29. R1f5 Qxb2 30. Nxd6 Nd7 31. Rxd7 Bd4+ 32. Kh2 Be5+ 33. Kg1 Bd4+ 34.
Kh2 Be5+ 35. Kg1 Bd4+ 36. Kh2 1/2-1/2

[Event "FIDE World Cup 2021"]
[Site "Krasnaya Polyana RUS"]
[Date "2021.07.13"]
[Round "1.2"]
[White "Draskovic, Luka"]
[Black "Indjic, Aleksandar"]
[Result "0-1"]
[WhiteElo "2472"]
[BlackElo "2607"]
[PlyCount "76"]
[EventDate "2021.07.12"]

1. e4 c5 2. Nf3 d6 3. d4 cxd4 4. Nxd4 Nf6 5. Nc3 a6 6. Bg5 e6 7. f4 Qb6 8. Qd3
Qxb2 9. Rb1 Qa3 10. f5 Be7 11. fxe6 Bxe6 12. Nxe6 fxe6 13. Rxb7 Nbd7 14. e5
dxe5 15. Be2 O-O 16. Qc4 Kh8 17. Rb3 Qd6 18. O-O Rac8 19. Qd3 Qxd3 20. cxd3
Bc5+ 21. Kh1 Bd4 22. Bd2 h6 23. h3 Rc7 24. Ne4 Rc2 25. Bb4 Nxe4 26. dxe4 Rxf1+
27. Bxf1 Rxa2 28. Rb1 Nb6 29. Bd6 a5 30. Kh2 a4 31. Bc7 Nd7 32. Bd6 a3 33. Rb7
Rxg2+ 34. Kxg2 a2 35. Rxd7 a1=Q 36. Bf8 Qb2+ 37. Kh1 Qf2 38. Bxg7+ Kg8 0-1

[Event "FIDE World Cup 2021"]
[Site "Krasnaya Polyana RUS"]
[Date "2021.07.13"]
[Round "1.2"]
[White "Henriquez Villagra, Cristobal"]
[Black "Goh, Wei Ming Kevin"]
[Result "1-0"]
[WhiteElo "2606"]
[BlackElo "2478"]
[PlyCount "55"]
[EventDate "2021.07.12"]

1. e4 c5 2. Nf3 d6 3. Bb5+ Bd7 4. Bxd7+ Nxd7 5. O-O Ngf6 6. Re1 e6 7. b3 Be7 8.
Bb2 O-O 9. c4 a6 10. Nc3 Ne5 11. Nxe5 dxe5 12. Re3 Qc7 13. Rh3 Rad8 14. Qe2 Nd7
15. d3 Rfe8 16. Rf1 Nf8 17. Bc1 Ng6 18. Qh5 h6 19. Ne2 Bf6 20. f4 exf4 21. Nxf4
Ne5 22. Kh1 Qe7 23. Bb2 Qc7 24. Rg3 Bg5 25. Nh3 f6 26. Nxg5 hxg5 27. Rh3 Nd7
28. Bxf6 1-0

[Event "FIDE World Cup 2021"]
[Site "Krasnaya Polyana RUS"]
[Date "2021.07.13"]
[Round "1.2"]
[White "Gareyev, Timur"]
[Black "Tin, Jingyao"]
[Result "1/2-1/2"]
[WhiteElo "2596"]
[BlackElo "2482"]
[PlyCount "128"]
[EventDate "2021.07.12"]

1. d4 d5 2. c4 c6 3. cxd5 cxd5 4. Bf4 Nc6 5. e3 Nf6 6. Bd3 Bg4 7. f3 Bd7 8. Nc3
e6 9. g4 Be7 10. h4 a6 11. Nge2 b5 12. Kf2 Na5 13. Ng3 b4 14. Nce2 Nc4 15. Rb1
Bb5 16. b3 Na3 17. Rc1 O-O 18. Qd2 Qb6 19. Bg5 Bxd3 20. Qxd3 Qb7 21. Bxf6 Bxf6
22. g5 Be7 23. f4 Nb5 24. h5 Rac8 25. Kf3 Rxc1 26. Rxc1 Rc8 27. g6 hxg6 28.
hxg6 Rxc1 29. gxf7+ Kxf7 30. Nxc1 Qc8 31. Qd2 Bd6 32. Nd3 Qc3 33. Qd1 g6 34.
Kg4 Kg7 35. Kh3 Na3 36. Kg4 Nb5 37. Kf3 Qc8 38. Nf2 Qc3 39. Ng4 Be7 40. Ne2 Qc8
41. Qh1 Qh8 42. Qxh8+ Kxh8 43. e4 Kg7 44. exd5 exd5 45. Ne3 Nc7 46. Kg4 Kf6 47.
f5 gxf5+ 48. Nxf5 Ke6 49. Nf4+ Kd7 50. Nd3 a5 51. Ne5+ Ke6 52. Nc6 Bf6 53. Nxa5
Kd7 54. Kf4 Ne6+ 55. Ke3 Kc7 56. Kd3 Nf4+ 57. Kc2 Kb6 58. Nc4+ dxc4 59. bxc4
Ka5 60. a3 bxa3 61. Kb3 a2 62. Kxa2 Kb4 63. Ne3 Bxd4 64. Nd5+ Kxc4 1/2-1/2

[Event "FIDE World Cup 2021"]
[Site "Krasnaya Polyana RUS"]
[Date "2021.07.13"]
[Round "1.2"]
[White "Alekseev, Evgeny"]
[Black "Fawzy, Adham"]
[Result "1/2-1/2"]
[WhiteElo "2605"]
[BlackElo "2485"]
[PlyCount "60"]
[EventDate "2021.07.12"]

1. Nf3 c5 2. c4 Nc6 3. Nc3 e5 4. e3 Nf6 5. Be2 d5 6. cxd5 Nxd5 7. O-O Be6 8.
Qc2 Be7 9. b3 O-O 10. Bb2 Rc8 11. Rad1 Nb6 12. Qb1 c4 13. bxc4 Nxc4 14. Ba1 Nb4
15. d4 Qa5 16. dxe5 Na3 17. Qe4 Nac2 18. Bb2 Nxa2 19. Nd5 Bxd5 20. Rxd5 Qb4 21.
Qxb4 Bxb4 22. Rd7 Bc3 23. Rb1 a5 24. Rxb7 a4 25. Bd3 a3 26. Bxc2 Bxb2 27. R1xb2
axb2 28. Rxb2 Nb4 29. Rxb4 Rxc2 30. g4 h6 1/2-1/2

[Event "FIDE World Cup 2021"]
[Site "Krasnaya Polyana RUS"]
[Date "2021.07.13"]
[Round "1.2"]
[White "Stupak, Kirill"]
[Black "Gretarsson, Hjorvar Steinn"]
[Result "1/2-1/2"]
[WhiteElo "2485"]
[BlackElo "2603"]
[PlyCount "60"]
[EventDate "2021.07.12"]

1. Nf3 Nf6 2. c4 e6 3. g3 a6 4. Bg2 b5 5. b3 d5 6. O-O Bb7 7. d4 dxc4 8. bxc4
c5 9. dxc5 Qxd1 10. Rxd1 Bxc5 11. Nc3 b4 12. Na4 Nbd7 13. a3 Be7 14. Ne1 Bxg2
15. Kxg2 a5 16. Nd3 Rc8 17. axb4 axb4 18. c5 O-O 19. Bd2 b3 20. Rab1 Ne4 21.
Rxb3 Ndxc5 22. Naxc5 Nxc5 23. Nxc5 Bxc5 24. Rc1 Bd4 25. Rxc8 Rxc8 26. Be3 Bxe3
27. Rxe3 h5 28. h4 g6 29. Ra3 Kg7 30. e3 Rc2 1/2-1/2

[Event "FIDE World Cup 2021"]
[Site "Krasnaya Polyana RUS"]
[Date "2021.07.13"]
[Round "1.2"]
[White "Jobava, Baadur"]
[Black "Mishra, Abhimanyu"]
[Result "1/2-1/2"]
[WhiteElo "2603"]
[BlackElo "2504"]
[PlyCount "92"]
[EventDate "2021.07.12"]

1. e4 c5 2. c3 Nf6 3. e5 Nd5 4. d4 cxd4 5. Qxd4 e6 6. Bc4 Nc6 7. Qe4 d6 8. exd6
Nf6 9. Qe2 Bxd6 10. Bg5 h6 11. Bxf6 Qxf6 12. Nd2 Qe7 13. Ngf3 b6 14. O-O-O Bb7
15. Ne4 O-O-O 16. Nxd6+ Rxd6 17. Ba6 Rhd8 18. Bxb7+ Kxb7 19. g3 Kc7 20. h4
Rxd1+ 21. Rxd1 Rxd1+ 22. Qxd1 Qc5 23. Qe2 g5 24. hxg5 hxg5 25. Nd2 g4 26. Qxg4
Qxf2 27. Qf3 Qxf3 28. Nxf3 Kd6 29. Kd1 f5 30. Ke2 e5 31. Nd2 Ne7 32. a3 Nd5 33.
c4 Nf6 34. b4 e4 35. Nb3 Ke5 36. a4 Nh5 37. Kf2 f4 38. gxf4+ Nxf4 39. Ke3 Nd3
40. b5 Nb2 41. Nd2 Nd1+ 42. Ke2 Nc3+ 43. Ke3 Nxa4 44. Nxe4 Nc5 45. Ng5 a5 46.
bxa6 Nxa6 1/2-1/2

[Event "FIDE World Cup 2021"]
[Site "Krasnaya Polyana RUS"]
[Date "2021.07.13"]
[Round "1.2"]
[White "Dgebuadze, Alexandre"]
[Black "Georgiev, Kiril"]
[Result "1/2-1/2"]
[WhiteElo "2488"]
[BlackElo "2594"]
[PlyCount "159"]
[EventDate "2021.07.12"]

1. e4 e5 2. Nf3 Nc6 3. Bb5 a6 4. Ba4 Nf6 5. O-O Be7 6. Re1 b5 7. Bb3 d6 8. c3
O-O 9. h3 Nb8 10. d3 Nbd7 11. Nbd2 Nc5 12. Bc2 Bb7 13. b4 Ncd7 14. Nb3 Rc8 15.
d4 Re8 16. a4 c6 17. Be3 Qc7 18. Qb1 Bf8 19. Bg5 h6 20. Be3 Nb6 21. dxe5 dxe5
22. Nc5 Nc4 23. Qc1 Nd7 24. Nxb7 Qxb7 25. Bb3 c5 26. Bxc4 bxc4 27. b5 axb5 28.
axb5 Qxb5 29. Nd2 Ra8 30. Qc2 Nb6 31. Reb1 Rxa1 32. Rxa1 Ra8 33. Rxa8 Nxa8 34.
Nf3 Qe8 35. Qb1 Nc7 36. Qa2 Qe6 37. Qa4 Ne8 38. Nd2 Nf6 39. f3 Nd7 40. Qxc4
Qxc4 41. Nxc4 h5 42. Kf1 g6 43. Ke2 f5 44. Kd3 Kf7 45. Kc2 Be7 46. Kb3 Ke6 47.
Ka4 Bh4 48. exf5+ gxf5 49. Bd2 Bf2 50. Kb5 Kd5 51. Bg5 e4 52. Ne3+ Bxe3 53.
Bxe3 exf3 54. gxf3 c4 55. Bd4 Nf8 56. Bf2 Ng6 57. Bg3 f4 58. Bh2 Ne5 59. Bxf4
Nxf3 60. Bg3 Nd2 61. Be1 Ne4 62. h4 Nd6+ 63. Kb4 Nf5 64. Bf2 Nh6 65. Be3 Ng4
66. Bd4 Nh2 67. Bg1 Nf1 68. Bf2 Nd2 69. Be1 Nb3 70. Kb5 Nc1 71. Bd2 Nd3 72. Bg5
Ne5 73. Bf6 Nf3 74. Bd8 Ne5 75. Bf6 Nf7 76. Be7 Nh6 77. Bg5 Nf5 78. Kb4 Ng3 79.
Bd8 Ne4 80. Be7 1/2-1/2

[Event "FIDE World Cup 2021"]
[Site "Krasnaya Polyana RUS"]
[Date "2021.07.13"]
[Round "1.2"]
[White "Brkic, Ante"]
[Black "Barrientos, Sergio E"]
[Result "1-0"]
[WhiteElo "2592"]
[BlackElo "2490"]
[PlyCount "84"]
[EventDate "2021.07.12"]

1. e4 c6 2. d4 d5 3. exd5 cxd5 4. Bd3 Nc6 5. c3 Qc7 6. Ne2 Bg4 7. O-O e6 8. Qe1
Nf6 9. f3 Bh5 10. Qh4 Rg8 11. Qg3 Qb6 12. Nf4 g5 13. Nxh5 Nxh5 14. Qe1 Bd6 15.
g3 O-O-O 16. Na3 Rde8 17. Nb5 Bb8 18. b4 f5 19. a4 Nf6 20. a5 Qd8 21. a6 b6 22.
c4 g4 23. f4 dxc4 24. Bxc4 Qd7 25. Bb2 Kd8 26. Rc1 Ke7 27. Bxe6 Qxe6 28. Rxc6
Qxe1 29. Rxe1+ Kf7 30. Re5 Bxe5 31. fxe5 Ne4 32. d5 f4 33. Rc4 Nd2 34. Rxf4+
Ke7 35. Nxa7 Nf3+ 36. Kf2 Rgf8 37. Nc6+ Kd7 38. Rf7+ Rxf7 39. e6+ Kd6 40. exf7
Rf8 41. a7 Ng5 42. Ke2 Kxd5 1-0

[Event "FIDE World Cup 2021"]
[Site "Krasnaya Polyana RUS"]
[Date "2021.07.13"]
[Round "1.2"]
[White "Sebenik, Matej"]
[Black "Krasenkow, Michal"]
[Result "1/2-1/2"]
[WhiteElo "2492"]
[BlackElo "2591"]
[PlyCount "155"]
[EventDate "2021.07.12"]

1. d4 d5 2. c4 dxc4 3. e3 e5 4. Bxc4 exd4 5. exd4 Nf6 6. Qb3 Qe7+ 7. Ne2 Qb4+
8. Nbc3 Qxb3 9. Bxb3 Bd6 10. O-O O-O 11. Bg5 Nbd7 12. Nb5 h6 13. Bf4 Ne8 14.
Bxd6 cxd6 15. Rac1 Nb6 16. Nf4 Bd7 17. a4 Bxb5 18. axb5 Nf6 19. Rc7 d5 20. Rxb7
g5 21. Ne2 Rfb8 22. Rxb8+ Rxb8 23. Nc3 Ne4 24. Nxe4 dxe4 25. f3 e3 26. Re1 Re8
27. Kf1 Kf8 28. Ra1 Re7 29. g4 Rd7 30. Ke2 Rxd4 31. Rxa7 Rd2+ 32. Kxe3 Rxb2 33.
Rxf7+ Ke8 34. Be6 Rxb5 35. Kd4 Rb4+ 36. Kc5 Rb2 37. Rh7 Na4+ 38. Kd6 Rb6+ 39.
Ke5 Nc5 40. Rxh6 Kf8 41. Rh8+ Kg7 42. Rg8+ Kh7 43. Re8 Nd3+ 44. Kf5 Nf4 45. Bd7
Nh3 46. Rc8 Kg7 47. Bc6 Ra6 48. Rc7+ Kh6 49. Be4 Nf4 50. Rc6+ Rxc6 51. Bxc6 Ng6
52. Kf6 Nh4 53. Be4 Ng2 54. Bc6 Nh4 55. Bd5 Ng2 56. Bb3 Nh4 57. Bd1 Ng6 58. Kf5
Nh4+ 59. Ke5 Ng2 60. Bc2 Nh4 61. Be4 Ng2 62. Bc6 Nf4 63. Ba4 Ng2 64. Bd1 Kg6
65. h3 Nf4 66. Bc2+ Kh6 67. h4 Ng2 68. Kf6 Nxh4 69. f4 gxf4 70. g5+ Kh5 71.
Bd1+ f3 72. Bxf3+ Nxf3 73. g6 Nh2 74. g7 Ng4+ 75. Kf7 Nh6+ 76. Kf8 Kg6 77.
g8=R+ Nxg8 78. Kxg8 1/2-1/2

[Event "FIDE World Cup 2021"]
[Site "Krasnaya Polyana RUS"]
[Date "2021.07.13"]
[Round "1.2"]
[White "Parligras, Mircea-Emilian"]
[Black "Druska, Juraj"]
[Result "0-1"]
[WhiteElo "2591"]
[BlackElo "2493"]
[PlyCount "112"]
[EventDate "2021.07.12"]

1. d4 d5 2. c4 e6 3. Nc3 h6 4. Bf4 Bd6 5. Bg3 Nf6 6. e3 O-O 7. Nf3 c5 8. cxd5
Nxd5 9. Nxd5 exd5 10. Bxd6 Qxd6 11. dxc5 Qxc5 12. Be2 Nc6 13. O-O Rd8 14. Qa4
d4 15. b4 Qxb4 16. Qxb4 Nxb4 17. Nxd4 Nc6 18. Nxc6 bxc6 19. Bf3 Bd7 20. Rfc1
Rdc8 21. Rc5 Rab8 22. Rac1 Rb2 23. a3 Ra2 24. Ra5 Rc7 25. h4 Kf8 26. Bd5 Rb2
27. Rac5 Rb6 28. e4 Ke7 29. e5 Rc8 30. Bc4 Rcb8 31. Rc3 g5 32. Rf3 Be8 33. Ra5
R8b7 34. hxg5 hxg5 35. Rg3 Rb1+ 36. Kh2 Rc1 37. Ba6 Rc7 38. Rxg5 c5 39. f4 c4
40. f5 Rd1 41. Rg8 Bd7 42. f6+ Ke6 43. Rg4 Rd5 44. Bxc4 Rxc4 45. Ra6+ Rc6 46.
Rxa7 Rxe5 47. a4 Rd6 48. a5 Rh5+ 49. Kg1 Kxf6 50. Rg8 Be6 51. Rg3 Rd1+ 52. Kf2
Ra1 53. Rf3+ Kg7 54. Rg3+ Kh7 55. a6 Rha5 56. Ra8 Rxa6 0-1

[Event "FIDE World Cup 2021"]
[Site "Krasnaya Polyana RUS"]
[Date "2021.07.13"]
[Round "1.2"]
[White "Bellahcene, Bilel"]
[Black "Gabuzyan, Hovhannes"]
[Result "1-0"]
[WhiteElo "2497"]
[BlackElo "2587"]
[PlyCount "73"]
[EventDate "2021.07.12"]

1. e4 c5 2. Nf3 Nc6 3. d4 cxd4 4. Nxd4 g6 5. c4 Nf6 6. Nc3 d6 7. Be2 Nxd4 8.
Qxd4 Bg7 9. Be3 O-O 10. Qd3 a5 11. O-O a4 12. Bd4 Qa5 13. f4 Be6 14. Rad1 Rfc8
15. b3 axb3 16. axb3 Bd7 17. e5 Bf5 18. Qf3 dxe5 19. fxe5 Nd7 20. Nd5 Qd8 21.
Qe3 e6 22. Nc3 Bc2 23. Rc1 Bxb3 24. Nb5 Ba4 25. Nd6 Qc7 26. Rxf7 Rf8 27. Bg4
Rxf7 28. Bxe6 Bc6 29. Bxf7+ Kh8 30. Ne8 Rxe8 31. Bxe8 Qd8 32. Bf7 Nf8 33. Bc3
Qh4 34. Bd5 Bxd5 35. cxd5 Bh6 36. e6+ Kg8 37. Qe5 1-0

[Event "FIDE World Cup 2021"]
[Site "Krasnaya Polyana RUS"]
[Date "2021.07.13"]
[Round "1.2"]
[White "Iordachescu, Viorel"]
[Black "Murzin, Volodar"]
[Result "1/2-1/2"]
[WhiteElo "2589"]
[BlackElo "2502"]
[PlyCount "158"]
[EventDate "2021.07.12"]

1. e4 c6 2. d4 d5 3. e5 Bf5 4. Nf3 e6 5. Be2 Ne7 6. c3 Ng6 7. O-O f6 8. exf6
Qxf6 9. Bg5 Qf7 10. Nh4 Nxh4 11. Bxh4 Bd6 12. Bg3 Bxg3 13. fxg3 Qe7 14. g4 Bxb1
15. Rxb1 Nd7 16. a4 O-O-O 17. b4 e5 18. b5 c5 19. b6 a6 20. dxe5 Nxe5 21. Qd2
Rhe8 22. Kh1 Qd6 23. Qg5 Qg6 24. Qh4 Kb8 25. Rbe1 Qd6 26. h3 h6 27. Rf5 d4 28.
cxd4 cxd4 29. Rd1 Qxb6 30. g5 d3 31. Bf1 Qd4 32. Qg3 Ka8 33. Rf4 Qd5 34. gxh6
gxh6 35. Rb4 Qc5 36. Re4 Qd5 37. Qe1 d2 38. Qe2 Re7 39. Re3 Rdd7 40. Rg3 Nc6
41. Qf2 Qd4 42. Rg8+ Ka7 43. Rxd2 Qxf2 44. Rxf2 Rd4 45. Rf6 h5 46. Rg5 h4 47.
Rg4 Ree4 48. Rxe4 Rxe4 49. g4 hxg3 50. Kg2 Rxa4 51. Kxg3 a5 52. h4 Rd4 53. h5
Kb6 54. h6 a4 55. h7 Rd8 56. Rh6 Rh8 57. Kf4 Kc5 58. Rh5+ Kd4 59. Kg5 a3 60.
Rh4+ Kc3 61. Rh3+ Kb4 62. Rh4+ Ka5 63. Bd3 a2 64. Rh1 Kb4 65. Kf6 Kc3 66. Bg6
Nd4 67. Kg7 Rxh7+ 68. Bxh7 Nb3 69. Kf6 a1=Q 70. Rxa1 Nxa1 71. Ke5 b5 72. Kd6
Nb3 73. Bg8 b4 74. Bf7 Nd2 75. Kc5 Ne4+ 76. Kc6 Nf6 77. Kc5 Nd7+ 78. Kd6 Nb6
79. Kc5 Nd7+ 1/2-1/2

[Event "FIDE World Cup 2021"]
[Site "Krasnaya Polyana RUS"]
[Date "2021.07.13"]
[Round "1.2"]
[White "Batsuren, Dambasuren"]
[Black "Kadric, Denis"]
[Result "1/2-1/2"]
[WhiteElo "2504"]
[BlackElo "2564"]
[PlyCount "81"]
[EventDate "2021.07.12"]

1. d4 d5 2. c4 dxc4 3. Nf3 Nf6 4. e3 e6 5. Bxc4 c5 6. Nc3 a6 7. O-O b5 8. Be2
Bb7 9. dxc5 Bxc5 10. Qxd8+ Kxd8 11. Nd2 Ke7 12. Nb3 Nbd7 13. Rd1 Rhc8 14. Na5
Rab8 15. a4 b4 16. Na2 Bd5 17. Bd2 Bd6 18. b3 Ne4 19. Be1 Rc5 20. Nc4 Bxc4 21.
Bxc4 a5 22. f3 Rxc4 23. bxc4 Nec5 24. Nc1 Be5 25. Rb1 Nb6 26. Ne2 Ncxa4 27. f4
Bd6 28. Nd4 Rc8 29. Nb3 Nxc4 30. Nxa5 Nxa5 31. Rxd6 Kxd6 32. Bxb4+ Kd5 33. Bxa5
Ke4 34. Kf2 Rc2+ 35. Kg3 Nc5 36. Bb6 Kxe3 37. Rb5 Kd4 38. Ra5 f5 39. Kh3 h6 40.
Kh4 g6 41. Ra8 1/2-1/2